000 01015cam a22002654a 4500
001 14792998
005 20251124195851.0
008 070402s2007 njuab b 001 0 eng
020 _a9780471789048
_qcloth
020 _a0471789046
_qcloth
050 0 0 _aTA658
_b.U53 2007
082 0 0 _a624.1/771
_222
100 1 _aUnderwood, James R.
245 1 0 _aStructural design :
_ba practical guide for architects /
_cRod Underwood, Michele Chiuini.
250 _a2nd ed.
260 _aHoboken, N.J. :
_bWiley,
_cc2007.
300 _axxi, 792 p. :
_bill., maps ;
_c29 cm.
650 0 _aStructural design.
650 0 _aArchitectural design.
700 1 _aChiuini, Michele.
856 4 1 _3Table of contents only
_uhttp://www.loc.gov/catdir/toc/ecip0714/2007013718.html
856 4 2 _3Contributor biographical information
_uhttp://www.loc.gov/catdir/enhancements/fy0826/2007013718-b.html
856 4 2 _3Publisher description
_uhttp://www.loc.gov/catdir/enhancements/fy0826/2007013718-d.html
942 _2lcc
_cBK
_e2nd ed.
_n0
999 _c8370
_d8370